Flexibilné formy práce v kontexte rastu zamestnanosti a ochrany zamestnancov diplomová práca

Na minha lista:
Detalhes bibliográficos
Autor principal: Rechtorovičová, Viktória
Autor Corporativo: Národohospodárska fakulta EU. Katedra sociálneho rozvoja a práce
Outros Autores: Rievajová, Eva
Formato: Livro
Idioma:eslovaco
Publicado em: Bratislava 2016
Tags: Adicionar Tag
Sem tags, seja o primeiro a adicionar uma tag!

MARC

LEADER 00000nbm a2200000 4500
001 0218025
005 20161115123058.0
041 0 |a slo 
044 |a SK 
245 1 0 |a Flexibilné formy práce v kontexte rastu zamestnanosti a ochrany zamestnancov  |b diplomová práca  |c Viktória Rechtorovičová ; školiteľ: Eva Rievajová 
264 1 |a Bratislava  |c 2016 
300 |a 82 s. 
100 1 |a Rechtorovičová, Viktória 
700 1 |a Rievajová, Eva 
710 2 |a Národohospodárska fakulta EU. Katedra sociálneho rozvoja a práce